[Event "Lima Santisimo Nombre de Jesus 5"]
[Site "Lima"]
[Date "2013.10.18"]
[Round "5"]
[White "Meza Novoa, Maximo"]
[Black "Dongo, Melanie Dayanna"]
[Result "1-0"]
[WhiteElo "1606"]
[BlackElo "1601"]
[PlyCount "85"]
[EventDate "2013.10.16"]
[EventType "swiss"]
[EventRounds "8"]
[EventCountry "PER"]
[SourceTitle "EXT 2024"]
[Source "ChessBase"]
[SourceDate "2023.10.10"]
[SourceVersion "1"]
[SourceVersionDate "2023.10.10"]
[SourceQuality "1"]

1. e4 c5 2. Nf3 e6 3. c3 d5 4. exd5 exd5 5. d4 c4 6. b3 cxb3 7. axb3 Nf6 8. Bd3 h6 9. h3 Be6 10. 0-0 Bd6 11. Re1 0-0 12. Nbd2 Nc6 13. b4 Qc7 14. Bb2 Rfe8 15. Nb3 Qc8 16. Nc5 Bxc5 17. bxc5 Qc7 18. Ne5 Nxe5 19. Rxe5 a6 20. Qf3 b6 21. cxb6 Qxb6 22. Bc1 Nd7 23. Rh5 Qd8 24. Qg3 f6 25. Rxh6 Qe7 26. Ba3 Qf7 27. Bg6 Nf8 28. Bxf7+ Kxf7 29. Bxf8 Rxf8 30. Qg6+ Ke7 31. Qxg7+ Rf7 32. Qg3 Rc8 33. Rxa6 Rd8 34. Ra7+ Rd7 35. Rxd7+ Kxd7 36. Rh8 Re7 37. Qb8 Bf5 38. Qc8+ Kd6 39. Qxf5 Re6 40. Rd8+ Ke7 41. Rxd5 Rd6 42. Rxd6 Kxd6 43. c4 1-0